00313nam a22001337a 4500003000400000020001800004082001800022100002200040245004200062250000800104260003500112300000800147650002400155SGT a9780683062625 a614.076bP92C aCASSENS, BRETT J. aPREVENTIVE MEDICINE AND PUBLIC HEALTH a2ND aPHILADELPHIAbHARWAL PUBc1992 a497 aCOMMUNITY MEDICINE